[Event "Open Portugal 2019"]
[Site "Lisboa POR"]
[Date "2019.02.04"]
[Round "4.6"]
[White "Rajesh, V A V."]
[Black "Xu, Xiangyu"]
[Result "0-1"]
[WhiteElo "2406"]
[BlackElo "2565"]
[WhiteFideId "5029317"]
[BlackFideId "8608288"]
[WhiteTitle "IM"]
[BlackTitle "GM"]
[WhiteCountry "IND"]
[BlackCountry "CHN"]
[PlyCount "66"]
[EventDate "2019.??.??"]

1. d4 e6 2. c4 b6 3. Nc3 Bb7 4. e3 Nf6 5. Nf3 d5 6. cxd5 exd5 7. Bd3 Be7 8. O-O
O-O 9. b3 Nbd7 10. Bb2 Re8 11. Qe2 a6 12. Rac1 Bd6 13. Rfd1 Nf8 14. a3 Ng6 15.
Bf5 Ne7 16. Bb1 Ng6 17. Bf5 Qe7 18. b4 Ne4 19. Nxe4 dxe4 20. Nd2 Nh4 21. Bh3 Qg5
22. Qg4 Qh6 23. d5 f5 24. Qe2 b5 25. g3 Nf3+ 26. Nxf3 exf3 27. Qf1 Bc8 28. Rd4
g5 29. e4 g4 30. exf5 Qxh3 31. Qxh3 gxh3 32. Rg4+ Kf8 33. Rh4 Bxf5 0-1

[Event "Open Portugal 2019"]
[Site "Lisboa POR"]
[Date "2019.02.04"]
[Round "4.7"]
[White "David, Alberto"]
[Black "Yankelevich, Lev"]
[Result "1/2-1/2"]
[WhiteElo "2560"]
[BlackElo "2445"]
[WhiteFideId "4000013"]
[BlackFideId "24684074"]
[WhiteTitle "GM"]
[BlackTitle "IM"]
[WhiteCountry "ITA"]
[BlackCountry "GER"]
[PlyCount "28"]
[EventDate "2019.??.??"]

1. e4 e5 2. Bc4 Nf6 3. d3 Nc6 4. Nf3 Bc5 5. O-O d6 6. c3 a6 7. Bb3 Ba7 8. h3 h6
9. Re1 g5 10. Nh2 Be6 11. Bxe6 fxe6 12. b4 Ne7 13. d4 Ng6 14. Be3 O-O 1/2-1/2

[Event "Open Portugal 2019"]
[Site "Lisboa POR"]
[Date "2019.02.04"]
[Round "4.9"]
[White "Jakubowski, Krzystof"]
[Black "Kaasen, Tor Fredrik"]
[Result "1/2-1/2"]
[WhiteElo "2514"]
[BlackElo "2387"]
[WhiteFideId "1112848"]
[BlackFideId "1516647"]
[WhiteTitle "GM"]
[BlackTitle "IM"]
[WhiteCountry "POL"]
[BlackCountry "NOR"]
[PlyCount "88"]
[EventDate "2019.??.??"]

1. Nf3 c5 2. e4 d6 3. d4 cxd4 4. Nxd4 Nf6 5. Nc3 a6 6. f4 e5 7. Nf3 Qc7 8. Bd3
Be7 9. fxe5 dxe5 10. O-O Nbd7 11. Kh1 Nc5 12. Qe1 O-O 13. Bg5 Be6 14. Nh4 Nxd3
15. cxd3 Ne8 16. Qg3 Bxg5 17. Qxg5 f6 18. Qg3 Rd8 19. Nf5 Bxf5 20. Rxf5 Qd6 21.
Rf3 Nc7 22. Raf1 b5 23. h4 b4 24. Ne2 Kh8 25. b3 Ne6 26. Qg4 Qd7 27. Rc1 Rc8 28.
Rff1 Rcd8 29. Rfd1 Nd4 30. Qxd7 Rxd7 31. Nxd4 Rxd4 32. Kg1 Kg8 33. Kf2 Rfd8 34.
Ke3 R8d6 35. g4 Kf7 36. h5 Ke7 37. Rc8 Rd8 38. Rxd8 Kxd8 39. Rc1 Kd7 40. Rc5 Rd6
41. g5 Ke6 42. Rc7 Rd7 43. Rc6+ Rd6 44. Rc7 Rd7 1/2-1/2

[Event "Open Portugal 2019"]
[Site "Lisboa POR"]
[Date "2019.02.04"]
[Round "4.10"]
[White "Shailesh, Dravid"]
[Black "Stefansson, Hannes"]
[Result "0-1"]
[WhiteElo "2324"]
[BlackElo "2514"]
[WhiteFideId "25017969"]
[BlackFideId "2300087"]
[WhiteTitle "FM"]
[BlackTitle "GM"]
[WhiteCountry "IND"]
[BlackCountry "ISL"]
[PlyCount "82"]
[EventDate "2019.??.??"]

1. e4 e5 2. Nf3 Nc6 3. Bb5 a6 4. Ba4 Nf6 5. O-O b5 6. Bb3 Bc5 7. c3 d6 8. d4 Bb6
9. a4 Rb8 10. a5 Ba7 11. h3 O-O 12. Be3 Ra8 13. Bg5 h6 14. Bh4 Re8 15. Re1 g5
16. Nxg5 hxg5 17. Bxg5 exd4 18. Qf3 Ne5 19. Qxf6 Qxf6 20. Bxf6 Nd3 21. Rf1 Bb7
22. cxd4 Rxe4 23. Bc2 Re6 24. Bg5 Nxb2 25. Bf5 Bxd4 26. Bxe6 fxe6 27. Be3 Bg7
28. Nd2 c5 29. f4 c4 30. f5 exf5 31. Rxf5 Re8 32. Ba7 Re2 33. Nf3 Nd3 34. Rg5
Bxf3 35. gxf3 Kf7 36. Rd1 Be5 37. Rg2 Rxg2+ 38. Kxg2 b4 39. Kf1 b3 40. Ke2 Nf4+
41. Ke3 c3 0-1

[Event "Open Portugal 2019"]
[Site "Lisboa POR"]
[Date "2019.02.04"]
[Round "4.11"]
[White "Spraggett, Kevin"]
[Black "Sousa, Ludy"]
[Result "1/2-1/2"]
[WhiteElo "2513"]
[BlackElo "2169"]
[WhiteFideId "2600013"]
[BlackFideId "1504134"]
[WhiteTitle "GM"]
[BlackTitle "CM"]
[WhiteCountry "CAN"]
[BlackCountry "NOR"]
[PlyCount "113"]
[EventDate "2019.??.??"]

1. Nf3 Nf6 2. g3 g6 3. b3 Bg7 4. Bb2 d6 5. c4 e5 6. d3 O-O 7. Bg2 h6 8. O-O Nc6
9. Nc3 Be6 10. Nd2 Qd7 11. a3 a5 12. Nd5 Bh3 13. e4 Bxg2 14. Kxg2 Nxd5 15. cxd5
Nd4 16. Rc1 c6 17. Nc4 Ra6 18. dxc6 bxc6 19. Bxd4 exd4 20. Re1 d5 21. Nd2 Re8
22. Qc2 h5 23. exd5 Qxd5+ 24. Kg1 Raa8 25. h4 Bf8 26. Nc4 Rab8 27. Rxe8 Rxe8 28.
Qd2 Qf3 29. Rf1 Re2 30. Qd1 f6 31. b4 axb4 32. axb4 Bh6 33. Qb3 Kh8 34. b5 cxb5
35. Qxb5 Qxd3 36. Qb8+ Kh7 37. Qb7+ Bg7 38. Nd6 Qc2 39. Qd7 Qc5 40. Ne8 Qe7 41.
Qxe7 Rxe7 42. Nxg7 Kxg7 43. Rd1 Rd7 44. Kf1 d3 45. Ke1 Re7+ 46. Kf1 Rd7 47. Ke1
g5 48. Kd2 Kg6 49. Rh1 Rd4 50. Ke3 Rd5 51. hxg5 fxg5 52. Kd2 g4 53. Rf1 Kg5 54.
Ke3 d2 55. Rd1 Kf5 56. Rxd2 Rxd2 57. Kxd2 1/2-1/2

[Event "Open Portugal 2019"]
[Site "Lisboa POR"]
[Date "2019.02.04"]
[Round "4.12"]
[White "Miezis, Normunds"]
[Black "Aguera Naredo, Javier"]
[Result "1/2-1/2"]
[WhiteElo "2467"]
[BlackElo "2346"]
[WhiteFideId "11600136"]
[BlackFideId "2204169"]
[WhiteTitle "GM"]
[BlackTitle "FM"]
[WhiteCountry "LAT"]
[BlackCountry "ESP"]
[PlyCount "112"]
[EventDate "2019.??.??"]

1. c4 g6 2. Nc3 Bg7 3. g3 Nf6 4. e4 d6 5. Bg2 O-O 6. Nge2 c5 7. O-O Nc6 8. Rb1
Ne8 9. d3 Nc7 10. Be3 Ne6 11. Qd2 Ned4 12. Bh6 Bh3 13. Nxd4 Nxd4 14. Bxg7 Kxg7
15. f4 Bxg2 16. Qxg2 e6 17. g4 Qh4 18. Rbe1 h5 19. gxh5 Qxh5 20. Re3 Rh8 21. Nb5
Nxb5 22. cxb5 Rae8 23. Rg3 d5 24. f5 exf5 25. Rxf5 Qd1+ 26. Rf1 Qa4 27. Kh1 Qd4
28. Rgf3 Re7 29. Qg5 dxe4 30. Rf4 Rd7 31. dxe4 Qxb2 32. R1f2 Qa1+ 33. Kg2 Rh5
34. Qg4 Re7 35. h4 Qd4 36. Qf3 Qd7 37. Qc3+ Kg8 38. a4 Rhe5 39. Rxf7 Qg4+ 40.
Kf1 Qxe4 41. Qf3 Qxf3 42. R7xf3 Re4 43. Rg3 Kg7 44. h5 R7e6 45. hxg6 Rxg6 46.
Rd3 Re7 47. Rd5 b6 48. a5 Rf6 49. Rd8 Rxf2+ 50. Kxf2 Kf6 51. Rc8 Ke5 52. Ke3
Kd5+ 53. Kd3 c4+ 54. Kc3 bxa5 55. Rd8+ Kc5 56. Rc8+ Kxb5 1/2-1/2

[Event "Open Portugal 2019"]
[Site "Lisboa POR"]
[Date "2019.02.04"]
[Round "4.13"]
[White "Bartel, Michal"]
[Black "Terrieux, Kevin"]
[Result "1/2-1/2"]
[WhiteElo "2306"]
[BlackElo "2459"]
[WhiteFideId "1119257"]
[BlackFideId "622591"]
[WhiteTitle "FM"]
[BlackTitle "IM"]
[WhiteCountry "POL"]
[BlackCountry "FRA"]
[PlyCount "34"]
[EventDate "2019.??.??"]

1. e4 e5 2. Nf3 Nc6 3. Bc4 Nf6 4. d3 Be7 5. O-O O-O 6. c3 d5 7. exd5 Nxd5 8. h3
Nb6 9. Bb5 Qd5 10. Qb3 Qd6 11. Bxc6 bxc6 12. Re1 Bf6 13. d4 exd4 14. cxd4 c5 15.
dxc5 Qxc5 16. Nc3 Bb7 17. Ne4 Bxe4 1/2-1/2

[Event "Open Portugal 2019"]
[Site "Lisboa POR"]
[Date "2019.02.04"]
[Round "4.14"]
[White "Butkiewicz, Lukasz"]
[Black "Chingüün, Sumiya"]
[Result "1-0"]
[WhiteElo "2445"]
[BlackElo "2286"]
[WhiteFideId "1122428"]
[BlackFideId "4902572"]
[WhiteTitle "IM"]
[WhiteCountry "POL"]
[BlackCountry "MGL"]
[PlyCount "82"]
[EventDate "2019.??.??"]

1. e4 c5 2. Nf3 e6 3. d4 cxd4 4. Nxd4 a6 5. c4 Nf6 6. Nc3 Bb4 7. Qd3 d6 8. Nc2
Bxc3+ 9. Qxc3 Nbd7 10. Be2 Nxe4 11. Qxg7 Qa5+ 12. b4 Qe5 13. Qxe5 Nxe5 14. Bb2
Rg8 15. f3 Nf6 16. Ne3 a5 17. b5 Nfd7 18. O-O-O Ke7 19. Rhe1 Ng6 20. Bf1 Nde5
21. Ba3 Rd8 22. Rxd6 Rxd6 23. Rd1 Ke8 24. Bxd6 f5 25. Bxe5 Nxe5 26. Nxf5 exf5
27. Re1 Be6 28. Rxe5 Ke7 29. Kc2 Rc8 30. Kc3 Kf6 31. f4 h5 32. b6 Rc6 33. c5
Bxa2 34. Bb5 Rc8 35. c6 Be6 36. c7 Ra8 37. Bc4 Bd7 38. Bb5 Bxb5 39. Rxb5 Ke6 40.
Rxa5 Rg8 41. Ra7 Kd5 1-0

[Event "Open Portugal 2019"]
[Site "Lisboa POR"]
[Date "2019.02.04"]
[Round "4.15"]
[White "Dâmaso, Rui"]
[Black "Pacan-Milej, Kosma"]
[Result "1-0"]
[WhiteElo "2439"]
[BlackElo "2273"]
[WhiteFideId "1900030"]
[BlackFideId "21800537"]
[WhiteTitle "IM"]
[BlackTitle "FM"]
[WhiteCountry "POR"]
[BlackCountry "POL"]
[PlyCount "97"]
[EventDate "2019.??.??"]

1. e4 c5 2. Nc3 d6 3. Nge2 Nf6 4. d4 cxd4 5. Nxd4 a6 6. Bd3 e5 7. Nf5 Bxf5 8.
exf5 d5 9. Bg5 Be7 10. Bxf6 Bxf6 11. Be2 d4 12. Ne4 O-O 13. O-O Nd7 14. Bd3 Rc8
15. b4 Be7 16. Rb1 Qb6 17. Qf3 Rc7 18. Rfe1 Nf6 19. Nd2 Rfc8 20. Rxe5 Bxb4 21.
Ne4 Nxe4 22. Qxe4 Qd6 23. g3 Qf8 24. a3 Bd6 25. Ra5 Re8 26. Qf3 Qe7 27. a4 h6
28. Rd5 Bc5 29. a5 Qf6 30. Qf4 Rec8 31. Re1 Bb4 32. Re2 Bc3 33. h4 Rc6 34. Ree5
Bb4 35. Qe4 Bf8 36. Rd7 R6c7 37. Red5 Rxd7 38. Rxd7 Rc5 39. Qxb7 Qc6 40. Rxf7
Qxb7 41. Rxb7 Rxa5 42. Bc4+ Kh8 43. Be6 Rb5 44. Ra7 Rb8 45. Rxa6 Be7 46. Ra7 Bf6
47. Kg2 Re8 48. Rf7 Kh7 49. Kh3 1-0

[Event "Open Portugal 2019"]
[Site "Lisboa POR"]
[Date "2019.02.04"]
[Round "4.16"]
[White "Sukandar, Irine Kharisma"]
[Black "Corbalán Gómez, Juan José"]
[Result "1/2-1/2"]
[WhiteElo "2397"]
[BlackElo "2235"]
[WhiteFideId "7101937"]
[BlackFideId "2260492"]
[WhiteTitle "IM"]
[WhiteCountry "INA"]
[BlackCountry "ESP"]
[PlyCount "109"]
[EventDate "2019.??.??"]

1. e4 c5 2. Nf3 Nc6 3. d4 cxd4 4. Nxd4 g6 5. c4 Bg7 6. Be3 Nf6 7. Nc3 O-O 8. Be2
d6 9. f3 Bd7 10. Qd2 Nxd4 11. Bxd4 a5 12. h4 Bc6 13. O-O-O a4 14. Kb1 a3 15. b4
h5 16. Qe3 e5 17. Bc5 dxc5 18. Rxd8 Rfxd8 19. b5 Be8 20. Nd5 Nxd5 21. exd5 b6
22. g4 Ra4 23. Kc2 Bd7 24. Bd3 hxg4 25. fxg4 Rb4 26. Rb1 e4 27. Qxe4 Re8 28. Qf4
Rb2+ 29. Rxb2 axb2 30. h5 Re1 31. Kd2 b1=Q 32. Bxb1 Rxb1 33. h6 Bd4 34. h7+ Kg7
35. h8=Q+ Kxh8 36. Qxf7 Bxg4 37. Qxg6 Rd1+ 38. Kc2 Rg1 39. Qe8+ Kh7 40. Qe4+ Kg7
41. d6 Bf6 42. d7 Bh3 43. Qd3 Rg2+ 44. Kb3 Rb2+ 45. Ka3 Rb4 46. Qd2 Bxd7 47.
Qxd7+ Kg6 48. Qg4+ Kf7 49. Qf4 Kg6 50. Qd6 Kf5 51. Qf8 Kg6 52. Qg8+ Kf5 53. Qh7+
Kg5 54. Qg8+ Kf5 55. Qd5+ 1/2-1/2

[Event "Open Portugal 2019"]
[Site "Lisboa POR"]
[Date "2019.02.04"]
[Round "4.18"]
[White "Ilic, Zoran"]
[Black "Low, Zhen Yu Cyrus"]
[Result "0-1"]
[WhiteElo "2302"]
[BlackElo "2377"]
[WhiteFideId "901733"]
[BlackFideId "5804175"]
[WhiteTitle "IM"]
[BlackTitle "IM"]
[WhiteCountry "SRB"]
[BlackCountry "SGP"]
[PlyCount "78"]
[EventDate "2019.??.??"]

1. d4 Nf6 2. Nf3 g6 3. c4 Bg7 4. g3 d5 5. cxd5 Nxd5 6. Bg2 Nb6 7. O-O O-O 8. Nc3
Nc6 9. e3 Re8 10. d5 Na5 11. Nd4 Bd7 12. e4 c6 13. Re1 cxd5 14. exd5 Qc8 15. Bf4
Bg4 16. Qd3 Qc4 17. Qxc4 Naxc4 18. Nf3 Bxf3 19. Bxf3 Nxb2 20. Nb5 Nd3 21. Nc7
Bxa1 22. Rxa1 Nxf4 23. gxf4 Nc4 24. Nxa8 Rxa8 25. Rc1 Nd6 26. Rc7 Kf8 27. Bg4 f5
28. Bd1 Rc8 29. Rxc8+ Nxc8 30. Kf1 Ke8 31. Ke2 Kd7 32. Ke3 Kd6 33. Kd4 Nb6 34.
Bf3 Nd7 35. h3 Nf6 36. Bg2 Nh5 37. Ke3 b6 38. Bf3 Kc5 39. Bg2 Nf6 0-1

[Event "Open Portugal 2019"]
[Site "Lisboa POR"]
[Date "2019.02.04"]
[Round "4.19"]
[White "Christiansen, Johan-Sebastian"]
[Black "Li, Xueyi"]
[Result "1-0"]
[WhiteElo "2559"]
[BlackElo "2217"]
[WhiteFideId "1512668"]
[BlackFideId "8605912"]
[WhiteTitle "GM"]
[WhiteCountry "NOR"]
[BlackCountry "CHN"]
[PlyCount "47"]
[EventDate "2019.??.??"]

1. e4 c6 2. d4 d5 3. e5 Bf5 4. Nc3 e6 5. g4 Bg6 6. Nge2 f6 7. exf6 Nxf6 8. Nf4
Bf7 9. Qe2 Qe7 10. Bd2 Nbd7 11. g5 Ne4 12. Nxe4 dxe4 13. Qxe4 e5 14. dxe5 Qxe5
15. Qxe5+ Nxe5 16. O-O-O Nf3 17. Bc3 Bc5 18. Bg2 Nxg5 19. h4 Ne6 20. Rhe1 Bxf2
21. Re2 Bxh4 22. Nxe6 Bxe6 23. Rxe6+ Kf7 24. Rd7+ 1-0

[Event "Open Portugal 2019"]
[Site "Lisboa POR"]
[Date "2019.02.04"]
[Round "4.20"]
[White "Santos, José Gulherme"]
[Black "Annaberdiev, Meilis"]
[Result "0-1"]
[WhiteElo "2191"]
[BlackElo "2522"]
[WhiteFideId "1939300"]
[BlackFideId "14000563"]
[BlackTitle "IM"]
[WhiteCountry "POR"]
[BlackCountry "TKM"]
[PlyCount "57"]
[EventDate "2019.??.??"]

1. e4 c5 2. Nf3 e6 3. g3 Nc6 4. Bg2 Nf6 5. Nc3 d5 6. exd5 exd5 7. d4 Bg4 8. Ne2
cxd4 9. Nexd4 Bc5 10. Nxc6 bxc6 11. O-O O-O 12. c3 Re8 13. Qa4 Qc8 14. Nd4 Bd7
15. Bg5 Ne4 16. Be3 Bb6 17. Qd1 c5 18. Nb3 Bc6 19. Re1 Bb7 20. Qh5 a5 21. Rad1
Nf6 22. Qh4 a4 23. Nd2 a3 24. b3 Ba5 25. Rc1 d4 26. Nc4 Bxg2 27. Nd6 Qc6 28.
Nxe8 Rxe8 29. Bg5 0-1

[Event "Open Portugal 2019"]
[Site "Lisboa POR"]
[Date "2019.02.04"]
[Round "4.21"]
[White "Maisuradze, Nino"]
[Black "Srinath, Rao S. V."]
[Result "1-0"]
[WhiteElo "2186"]
[BlackElo "2437"]
[WhiteFideId "13601717"]
[BlackFideId "5028876"]
[WhiteTitle "WGM"]
[BlackTitle "FM"]
[WhiteCountry "FRA"]
[BlackCountry "IND"]
[PlyCount "112"]
[EventDate "2019.??.??"]

1. d4 Nf6 2. Nf3 g6 3. Bf4 Bg7 4. e3 d6 5. Be2 O-O 6. h3 c5 7. c3 Nbd7 8. O-O b6
9. a4 a6 10. Qb3 Bb7 11. Rd1 cxd4 12. cxd4 Nd5 13. Bg3 N7f6 14. Nfd2 a5 15. Nc3
Nb4 16. Rac1 Rc8 17. Na2 Nxa2 18. Qxa2 Nd5 19. Qb3 Nb4 20. Nb1 Bd5 21. Bc4 Rxc4
22. Rxc4 Qa8 23. Nc3 Bxg2 24. Kh2 Qb7 25. Qa3 h5 26. h4 Bc6 27. Nb1 Qa6 28. Rdc1
Bd5 29. Rc7 Nd3 30. Nc3 Be6 31. Rg1 Nb4 32. Nb5 Nd5 33. Ra7 Qc8 34. e4 Nf6 35.
Rc7 Qd8 36. f3 Ne8 37. Rc2 f5 38. e5 f4 39. Bf2 dxe5 40. dxe5 Bxe5 41. Re2 Rf5
42. Rxg6+ Kf7 43. Rxe6 Kxe6 44. Nd4+ Kf6 45. Nxf5 Kxf5 46. Qb3 Qd6 47. Qxb6 Qd5
48. Qb5 Nc7 49. Qxd5 Nxd5 50. Rc2 e6 51. Rc5 Bxb2 52. Rxa5 Bc3 53. Rc5 Ke5 54.
a5 Kd6 55. a6 Be1 56. Rxd5+ Kxd5 1-0

[Event "Open Portugal 2019"]
[Site "Lisboa POR"]
[Date "2019.02.04"]
[Round "4.22"]
[White "Kubicka, Anna"]
[Black "Thórhallsson, Thröstur"]
[Result "0-1"]
[WhiteElo "2186"]
[BlackElo "2425"]
[WhiteFideId "1152254"]
[BlackFideId "2300109"]
[WhiteTitle "WIM"]
[BlackTitle "GM"]
[WhiteCountry "POL"]
[BlackCountry "ISL"]
[PlyCount "54"]
[EventDate "2019.??.??"]

1. e4 c5 2. Nf3 d6 3. d4 cxd4 4. Nxd4 Nf6 5. Nc3 Bd7 6. Bg5 e6 7. Qd2 a6 8.
O-O-O b5 9. Bxf6 Qxf6 10. Kb1 Qd8 11. f4 b4 12. Nce2 Qb6 13. f5 e5 14. Nf3 Be7
15. g4 Qf2 16. Ng5 O-O 17. h4 Bc6 18. Qd3 Nd7 19. Qh3 Nf6 20. Rh2 Qc5 21. Ng3 a5
22. Bd3 a4 23. Nf3 a3 24. g5 axb2 25. Nd2 Rxa2 26. Bc4 Ra1+ 27. Kxb2 Qd4+ 0-1

[Event "Open Portugal 2019"]
[Site "Lisboa POR"]
[Date "2019.02.04"]
[Round "4.23"]
[White "Borges, Guilherme Deola"]
[Black "Haug, Johannes"]
[Result "1/2-1/2"]
[WhiteElo "2181"]
[BlackElo "2403"]
[WhiteFideId "2109085"]
[BlackFideId "1509268"]
[BlackTitle "FM"]
[WhiteCountry "BRA"]
[BlackCountry "NOR"]
[PlyCount "66"]
[EventDate "2019.??.??"]

1. d4 Nf6 2. c4 e6 3. Nc3 Bb4 4. a3 Bxc3+ 5. bxc3 O-O 6. f3 d6 7. e4 e5 8. Bd3
c5 9. d5 Ne8 10. Ne2 Qh4+ 11. Ng3 f5 12. exf5 Bxf5 13. O-O Bxd3 14. Qxd3 Nd7 15.
Bd2 Qf6 16. a4 Qg6 17. Qxg6 hxg6 18. a5 Nef6 19. Bg5 Kf7 20. Ra2 Ke8 21. Rb1 Rb8
22. Rab2 b6 23. Ra2 bxa5 24. Rxb8+ Nxb8 25. Rxa5 a6 26. Ra1 Kd7 27. Bxf6 gxf6
28. Ne4 Kc7 29. h4 f5 30. Nd2 Kb6 31. Rb1+ Kc7 32. Ra1 Kb6 33. Rb1+ Kc7 1/2-1/2

[Event "Open Portugal 2019"]
[Site "Lisboa POR"]
[Date "2019.02.04"]
[Round "4.24"]
[White "Krishna Teja, N."]
[Black "Santos, António P"]
[Result "1-0"]
[WhiteElo "2391"]
[BlackElo "2162"]
[WhiteFideId "5001498"]
[BlackFideId "1900161"]
[WhiteTitle "IM"]
[BlackTitle "FM"]
[WhiteCountry "IND"]
[BlackCountry "POR"]
[PlyCount "71"]
[EventDate "2019.??.??"]

1. Nf3 Nf6 2. c4 g6 3. Nc3 Bg7 4. e4 d6 5. d4 O-O 6. Be2 e5 7. d5 a5 8. Bg5 h6
9. Be3 Ng4 10. Bd2 f5 11. exf5 gxf5 12. h3 Nf6 13. Qc1 Kh7 14. g4 e4 15. Nd4
Nxd5 16. Nxd5 Bxd4 17. Bxh6 Bxf2+ 18. Kxf2 Qh4+ 19. Kg2 Qxh6 20. Qxh6+ Kxh6 21.
Nxc7 Ra7 22. gxf5 b6 23. Nb5 Rg7+ 24. Bg4 Bxf5 25. Raf1 Rf6 26. Nd4 Bxg4 27.
Rxf6+ Kg5 28. Rxd6 Bf3+ 29. Nxf3+ Kf4+ 30. Kf2 e3+ 31. Ke2 Rg2+ 32. Kd3 Kxf3 33.
Rf6+ Kg3 34. Rg6+ Kf2 35. Rxg2+ Kxg2 36. Re1 1-0

[Event "Open Portugal 2019"]
[Site "Lisboa POR"]
[Date "2019.02.04"]
[Round "4.25"]
[White "Carrasco Martínez, Juan M"]
[Black "Reis, Luís Sousa"]
[Result "1-0"]
[WhiteElo "2380"]
[BlackElo "2146"]
[WhiteFideId "2207729"]
[BlackFideId "1900609"]
[WhiteTitle "IM"]
[BlackTitle "NM"]
[WhiteCountry "ESP"]
[BlackCountry "POR"]
[PlyCount "69"]
[EventDate "2019.??.??"]

1. e4 d5 2. exd5 Nf6 3. d4 Bg4 4. Be2 Bxe2 5. Qxe2 Qxd5 6. Nf3 e6 7. Nc3 Bb4 8.
O-O Bxc3 9. bxc3 O-O 10. Re1 Nc6 11. c4 Qa5 12. Bd2 Qf5 13. Bc3 b6 14. Rab1 a6
15. a4 Rfd8 16. h3 h6 17. Rbd1 Rd6 18. Bb2 Nb4 19. c3 Nc6 20. Bc1 Rad8 21. Rd3
e5 22. Nh4 Qh7 23. d5 e4 24. Rg3 Ne5 25. Bf4 Re8 26. Bxe5 Rxe5 27. Nf3 Re8 28.
Nd4 Nd7 29. a5 bxa5 30. Qa2 Ne5 31. Qxa5 Rd7 32. Qxa6 Rde7 33. c5 e3 34. Rgxe3
Qg6 35. Qxg6 1-0

[Event "Open Portugal 2019"]
[Site "Lisboa POR"]
[Date "2019.02.04"]
[Round "4.27"]
[White "Tscharotschkin, Michael"]
[Black "Miedema, David"]
[Result "0-1"]
[WhiteElo "2178"]
[BlackElo "2356"]
[WhiteFideId "4619510"]
[BlackFideId "1018477"]
[BlackTitle "IM"]
[WhiteCountry "GER"]
[BlackCountry "NED"]
[PlyCount "60"]
[EventDate "2019.??.??"]

1. d4 Nf6 2. Bg5 d5 3. Nd2 c5 4. e3 cxd4 5. exd4 Qb6 6. Bxf6 Qxf6 7. Ngf3 Nc6 8.
c3 g5 9. Bb5 Qe6+ 10. Qe2 Qxe2+ 11. Kxe2 f6 12. h3 Bd7 13. Rae1 a6 14. Bd3 O-O-O
15. Kd1 Bg7 16. Nb3 e5 17. dxe5 fxe5 18. Nxg5 Rdf8 19. Nc5 e4 20. Be2 Rxf2 21.
Ref1 Rxg2 22. Nf7 Rf8 23. Nd6+ Kc7 24. Ndxb7 Bc8 25. Rxf8 Bxf8 26. Rf1 Be7 27.
Bxa6 Bxb7 28. Bxb7 Bxc5 29. Rf7+ Kb6 30. b4 Be3 0-1

[Event "Open Portugal 2019"]
[Site "Lisboa POR"]
[Date "2019.02.04"]
[Round "4.30"]
[White "Plichta, Kamil"]
[Black "Maloberti, David"]
[Result "1-0"]
[WhiteElo "2347"]
[BlackElo "2121"]
[WhiteFideId "1141830"]
[BlackFideId "620149"]
[WhiteTitle "FM"]
[WhiteCountry "POL"]
[BlackCountry "FRA"]
[PlyCount "175"]
[EventDate "2019.??.??"]

1. d4 Nf6 2. c4 g6 3. Nc3 Bg7 4. e4 d6 5. Nf3 O-O 6. Be2 e5 7. d5 a5 8. Bg5 h6
9. Bh4 g5 10. Bg3 Nh5 11. Nd2 Nf4 12. O-O Na6 13. a3 Bd7 14. b3 c6 15. f3 h5 16.
Bf2 c5 17. Rb1 Bh6 18. Re1 Qf6 19. Nf1 Kh8 20. Ne3 Rg8 21. Kh1 Rg7 22. g4 Nh3
23. Bg1 hxg4 24. fxg4 Rh7 25. Rb2 Nf2+ 26. Bxf2 Qxf2 27. Qd2 Bg7 28. Nf1 Rh3 29.
Rc2 Kh7 30. Bd1 Qd4 31. Re3 Rxe3 32. Qxe3 Qxe3 33. Nxe3 Nc7 34. Be2 Rb8 35. Rb2
Ra8 36. Kg2 Na6 37. Nf5 Bf8 38. Na4 Bxf5 39. gxf5 Kg7 40. Nc3 Be7 41. Nd1 Rh8
42. Ne3 f6 43. Kg3 Bf8 44. Nd1 Rh4 45. Bg4 Be7 46. Ne3 Rh8 47. Nc2 Rc8 48. Bh5
Kh6 49. Bf7 Kg7 50. Be6 Rh8 51. Ne3 Rh4 52. Ng4 Rh8 53. Bd7 Rd8 54. Bb5 Rb8 55.
Ne3 Kf7 56. h3 Bf8 57. Rb1 Bh6 58. Ng4 Kg7 59. Nf2 Kf7 60. Nd3 Ra8 61. Bd7 Ke7
62. Bb5 Nc7 63. Kg4 Bg7 64. Ne1 Rh8 65. Nf3 Ra8 66. Ba4 Na6 67. h4 gxh4 68. Nxh4
Nc7 69. Ng6+ Kf7 70. Bd7 Bh6 71. Kf3 Kg7 72. Ke2 Rd8 73. Bb5 Ra8 74. Kd3 Ra7 75.
Rg1 Bg5 76. Rh1 Bh6 77. Nf8 Kxf8 78. Rxh6 Kg7 79. Rg6+ Kf7 80. Bd7 Ra8 81. Be6+
Ke7 82. Rg7+ Kd8 83. Rd7+ Kc8 84. Rxd6+ Kb8 85. Rd7 b5 86. d6 bxc4+ 87. Kxc4 Na6
88. Rd8+ 1-0

[Event "Open Portugal 2019"]
[Site "Lisboa POR"]
[Date "2019.02.04"]
[Round "4.31"]
[White "Pantzar, Milton"]
[Black "Pires, Emanuel"]
[Result "1-0"]
[WhiteElo "2331"]
[BlackElo "2115"]
[WhiteFideId "1721003"]
[BlackFideId "1914715"]
[WhiteTitle "FM"]
[WhiteCountry "SWE"]
[BlackCountry "POR"]
[PlyCount "83"]
[EventDate "2019.??.??"]

1. e4 d6 2. d4 Nf6 3. f3 g6 4. c4 Bg7 5. Nc3 O-O 6. Be3 a6 7. Nge2 c5 8. dxc5
dxc5 9. Qxd8 Rxd8 10. Bxc5 Nc6 11. Nd5 Nxd5 12. cxd5 Ne5 13. Nc3 e6 14. Bb6 Re8
15. Rd1 f5 16. d6 Nd7 17. Bd4 b5 18. Bxg7 Kxg7 19. a4 bxa4 20. Nxa4 Rb8 21. Rd4
Rd8 22. Be2 Kf6 23. Kf2 Bb7 24. Rc1 fxe4 25. fxe4 Ke5 26. Ke3 Rdc8 27. Rc7 Bc6
28. Bxa6 Rb3+ 29. Nc3 Rxc7 30. dxc7 Nb6 31. c8=Q Nxc8 32. Bxc8 Rxb2 33. Rc4 Ba8
34. Ra4 Bc6 35. Ra6 Rxg2 36. Rxc6 Kf6 37. Bxe6 Rxh2 38. Nd5+ Kg5 39. Rc1 h5 40.
e5 Ra2 41. Rg1+ Kh6 42. Rxg6+ 1-0

[Event "Open Portugal 2019"]
[Site "Lisboa POR"]
[Date "2019.02.04"]
[Round "4.32"]
[White "Bruaset, Eivind"]
[Black "Pastar, Slaven"]
[Result "1/2-1/2"]
[WhiteElo "2124"]
[BlackElo "2330"]
[WhiteFideId "1515276"]
[BlackFideId "14402718"]
[BlackTitle "FM"]
[WhiteCountry "NOR"]
[BlackCountry "BIH"]
[PlyCount "70"]
[EventDate "2019.??.??"]

1. e4 b6 2. d4 Bb7 3. Bd3 e6 4. Nf3 c5 5. c3 Nf6 6. e5 Nd5 7. Be4 c4 8. Qc2 h6
9. O-O b5 10. Nbd2 Qc7 11. Re1 d6 12. b3 Nd7 13. Ba3 N7b6 14. bxc4 bxc4 15. Rab1
Rc8 16. g3 Be7 17. exd6 Bxd6 18. Bxd6 Qxd6 19. Ne5 O-O 20. a4 Ba6 21. Bh7+ Kh8
22. Ne4 Qe7 23. f4 Nd7 24. f5 Nxe5 25. dxe5 Rc6 26. Nd6 exf5 27. Qxf5 g6 28.
Bxg6 fxg6 29. Qxg6 Qg7 30. Nf7+ Qxf7 31. Qxc6 Qf2+ 32. Kh1 Qf3+ 33. Kg1 Qf2+ 34.
Kh1 Qf3+ 35. Kg1 Qf2+ 1/2-1/2

[Event "Open Portugal 2019"]
[Site "Lisboa POR"]
[Date "2019.02.04"]
[Round "4.33"]
[White "Thompson, Ian D"]
[Black "Fus, Jakub"]
[Result "1/2-1/2"]
[WhiteElo "2122"]
[BlackElo "2326"]
[WhiteFideId "405205"]
[BlackFideId "1193023"]
[WhiteTitle "FM"]
[WhiteCountry "ENG"]
[BlackCountry "POL"]
[PlyCount "70"]
[EventDate "2019.??.??"]

1. c4 c5 2. Nc3 Nc6 3. g3 g6 4. Bg2 Bg7 5. e3 e5 6. Nge2 Nge7 7. a3 O-O 8. O-O
d6 9. d3 Be6 10. Nd5 Qd7 11. Qa4 Nxd5 12. cxd5 Nd4 13. Qd1 Nxe2+ 14. Qxe2 Bh3
15. Bxh3 Qxh3 16. e4 Qd7 17. b4 cxb4 18. axb4 f5 19. f3 Qb5 20. Be3 f4 21. Bxa7
b6 22. Qf2 fxg3 23. hxg3 Qxd3 24. Rad1 Qc3 25. Rc1 Qxb4 26. Qxb6 Qa3 27. Ra1 Qd3
28. Rad1 Qe2 29. Qe3 Qb5 30. Rb1 Qd7 31. Bb6 Rab8 32. Ba5 Ra8 33. Be1 Rf7 34.
Kg2 Bf6 35. Bf2 Rff8 1/2-1/2